000 00319nam a2200157Ia 4500
100 _aWali/S.S.
250 _a3
942 _cBK
654 _aelectromagnetics
245 _aElectromagnetics Engineering
260 _bMahalaxmi
_c2001
082 _a621.3
_bWAL
300 _a669
546 _aENGLISH
999 _c28679
_d28679